00916nam a2200313 4500001000800000003000900008005001700017007000800034008003500042015000600077017000900083035000600092040002600098041001100124084000900135100003100144245010000175260003200275300002800307336004100335337002100376490002400397500005600421511000600477650002400483700003600507700003500543830002400578 282688DO-SdBNP20180222154011.0 282688110328s1994 sp d spa  a  a b  a  a BPMSUbspacBPMSUe 0 dspad  a 2 1 a Dahl, Roald,d 1916-1990.10aMatilda / cRoald Dahl ; traducción de Pedro Barbadillo ; ilustraciones de Quentin Blake.  aMadrid :bAlfaguara, c1994 a 230 p.:c24 cm. b e  aMúsica (interpretada)2isbdcontent aaudio2isbdmedia aIngantil . Juvenil  a Incluye datos biográficos del autor en la solapa1 a  7aMúsica pop2embne aBarbadillo Gómez, Pedroetr.  a Blake, Quentin, d1932-eil. pIngantil . Juvenil